Olivia Rodrigo - SOUR - Statistics

General Stats
  • This quiz has been taken 62 times
  • The average score is 8 of 11
Answer Stats
2021 SOUR % Correct
1 brutal
88%
5 deja vu
86%
6 good 4 u
86%
3 drivers license
84%
2 traitor
79%
8 happier
75%
11 hope ur ok
74%
10 favorite crime
70%
9 jealousy, jealousy
70%
4 1 step forward, 3 steps back
68%
7 enough for you
68%
No matching quizzes found
Score Distribution
Percent of People with Each Score
Percentile by Number Answered
Your Score History
You have not taken this quiz